00566nam a2200193Ia 450000500170000000800410001702000150005808200130007310000150008624500410010126000530014230000210019565000140021665000120023065000120024294200060025495200970026099900150035720250303021855.0240331s9999 xx 000 0 und d a3718655063 bROBa954 aRoberts, M 0aExploring confrontation :bSri Lanka a SwitzerlandbHarwood Academic Publishersc1994 a XXV, 377 p ., aPolitical aCulture aHistory cL 001040708LaWERCLbWERCLcSSCd2024-03-31l0o 954.9 ROBp2988r2024-03-31w2024-03-31yL c1348d1348